000 00382nam a2200109 4500
008 241122b |||||||| |||| 00| 0 eng d
022 _a0973-3698
245 _aIndian Journal of Rheumatology:
_bofficial publication of indian rheumatology association
_cedited by Aman Sharma
260 _aNew Delhi
_bSage publications
_c2024
300 _avolume 19, issue 3
942 _2ddc
_cSR
_mRHE
_s1
999 _c207011
_d207011